| 000 | 00541nam a2200157Ia 4500 | ||
|---|---|---|---|
| 008 | 170221s9999 xx 000 0 und d | ||
| 100 | _aHai-Yan Zhang | ||
| 245 | _aPerformance of OFDM AF Relaying System with Subcarrier Mapping in the Presence of Phase Noise | ||
| 245 | _cHai-Yan Zhang, Jing Huang, Ju-Hu Li, and Juan Nie | ||
| 260 | _bJournal of Communications | ||
| 260 | _c2016 | ||
| 300 | _a11 : 4 | ||
| 650 | _xCommunication | ||
| 650 | _xMedia Arts | ||
| 856 | _uhttp://www.jocm.us/index.php?m=content&c=index&a=lists&catid=160 | ||
| 999 |
_c306865 _d306865 |
||